Administrative law (Record no. 83636)

MARC details
000 -LEADER
fixed length control field 00359nam a2200145Ia 4500
008 - FIXED-LENGTH DATA ELEMENTS--GENERAL INFORMATION
fixed length control field 230917s9999||||xx |||||||||||||| ||und||
040 ## - CATALOGING SOURCE
-- 97285
Original cataloging agency VIVEKANANDA LIBRARY
041 ## - Language
-- English
082 ## - DDC NUMBER
Classification number 342 U1A
100 ## - MAIN ENTRY--PERSONAL NAME
Personal name Upadhaya, Jai Jai Ram
245 #0 - TITLE STATEMENT
Title Administrative law
260 ## - PUBLICATION, DISTRIBUTION, ETC. (IMPRINT)
Place of publication, distribution, etc Allahabad
Name of publisher, distributor, etc Central Law Agency
Date of publication, distribution, etc 1994
300 ## - PHYSICAL DESCRIPTION
Pages xlviii, 510 p.
942 ## - ADDED ENTRY ELEMENTS (KOHA)
Koha item type Books
Holdings
Withdrawn status Lost status Damaged status Not for loan Location (home branch) Sublocation or collection (holding branch) Date acquired Koha issues (times borrowed) Koha full call number Accession No. Koha date last seen Koha item type
        VIVEKANANDA LIBRARY VIVEKANANDA LIBRARY 23/02/2011   342 U1A 161156 17/09/2023 Books
        VIVEKANANDA LIBRARY VIVEKANANDA LIBRARY 23/02/2011   342 U1A 161157 17/09/2023 Books
        VIVEKANANDA LIBRARY VIVEKANANDA LIBRARY 23/02/2011 4 342 U1A 176581 21/04/2026 Books
        VIVEKANANDA LIBRARY VIVEKANANDA LIBRARY 23/02/2011   342 U1A 234029 17/09/2023 Books
© Designed and Maintained by Vivekananda Library, MDU Rohtak